Latest trends in nanotechnology: (Record no. 35986)
[ view plain ]
| 000 -LEADER | |
|---|---|
| fixed length control field | 00818nam a22002297a 4500 |
| 005 - DATE AND TIME OF LATEST TRANSACTION | |
| control field | 20100512143619.0 |
| 008 - FIXED-LENGTH DATA ELEMENTS--GENERAL INFORMATION | |
| fixed length control field | 091103t xxu||||| |||| 00| 0 eng d |
| 020 ## - INTERNATIONAL STANDARD BOOK NUMBER | |
| International Standard Book Number | 9780230634428 |
| Terms of availability | 450.00 |
| 020 ## - INTERNATIONAL STANDARD BOOK NUMBER | |
| International Standard Book Number | 0230634427 |
| Terms of availability | 450.00 |
| 037 ## - SOURCE OF ACQUISITION | |
| Source of stock number/acquisition | PUB |
| 040 ## - CATALOGING SOURCE | |
| Original cataloging agency | dpl |
| Language of cataloging | English |
| 245 ## - TITLE STATEMENT | |
| Title | Latest trends in nanotechnology: |
| Statement of responsibility, etc | edited by V.V. Bedekar, D.K. Nayak [and] Usha Raghavan |
| Remainder of title | a new expostiton in a broader spectrum / |
| 260 ## - PUBLICATION, DISTRIBUTION, ETC. (IMPRINT) | |
| Place of publication, distribution, etc | New Delhi |
| Name of publisher, distributor, etc | Macmillan |
| Date of publication, distribution, etc | 2008 |
| 270 ## - ADDRESS | |
| Address | 2/10, Ansari Road, Daryaganj |
| City | New Delhi |
| Postal code | 110002 |
| 300 ## - PHYSICAL DESCRIPTION | |
| Extent | viii, 100p |
| Dimensions | 25cm(Hb) |
| 490 ## - SERIES STATEMENT | |
| Series statement | Macmillan advanced research series |
| 700 ## - ADDED ENTRY--PERSONAL NAME | |
| Personal name | Bedekar, V.V. |
| 700 ## - ADDED ENTRY--PERSONAL NAME | |
| Personal name | Nayak, D.K. |
| 700 ## - ADDED ENTRY--PERSONAL NAME | |
| Personal name | Raghavan, Usha |
| 942 ## - ADDED ENTRY ELEMENTS (KOHA) | |
| Source of classification or shelving scheme | Dewey Decimal Classification |
| Item type | English Books |
| Call number suffix | LAT |
| Withdrawn status | Lost status | Source of classification or shelving scheme | Damaged status | Not for loan | Home library | Current library | Date acquired | Cost, normal purchase price | Total Checkouts | Full call number | Date last seen | Cost, replacement price | Koha item type |
|---|---|---|---|---|---|---|---|---|---|---|---|---|---|
| Dewey Decimal Classification | Ordered | Andrews Gunj | Andrews Gunj | 12/05/2010 | 450.00 | LAT | 12/05/2010 | 450.00 | English Books |
